|
|
|
|
| LEADER |
01294nam a2200253 a 4500 |
| 001 |
23156 |
| 008 |
100409s2011 bg a b 000 0dbeno |
| 020 |
|
|
|a 9789843326225
|
| 040 |
|
|
|a BD-DhAAL
|c BD-DhAAL
|
| 043 |
|
|
|a a-bg---
|
| 082 |
0 |
4 |
|a 954.9205092
|2 22
|
| 100 |
0 |
|
|a Hasina,
|c Sheikh,
|d 1947
|
| 245 |
1 |
0 |
|a স্মৃতি বড় মধুর স্মৃতি বড় বেদনার /
|c সম্পপাদনা, এ এইচ খান ;সহযোগী সম্পপাদনা, চৌধুরী এম সাইফুল ইসলাম ... [et al.].
|
| 260 |
|
|
|a ঢাকা :
|b বাংলাদেশ কালচারাল ফোরাম,
|c ২০১০
|
| 300 |
|
|
|a ৪৫৬ পৃ. :
|b চিত্র, ফটো ;
|c ২১ সে.মি.
|
| 546 |
|
|
|a In Bengali.
|
| 541 |
|
|
|e 00023156
|
| 600 |
1 |
0 |
|a Hasina, Sheikh.
|
| 651 |
|
0 |
|a Bangladesh
|x Politics and government
|y 1971-
|
| 700 |
1 |
|
|a খান, এ এইচ
|
| 700 |
1 |
|
|a ইসলাম, চৌধুরী এম সাইফুল
|
| 852 |
|
|
|a Ayesha Abed Library
|c General Shelf.
|
| 999 |
|
|
|c 11061
|d 11061
|
| 952 |
|
|
|0 0
|1 0
|2 ddc
|4 0
|6 954_920509200000000_HAS
|7 0
|9 17430
|a BRACUL
|b BRACUL
|c GEN
|d 2011-06-21
|e Bangladesh Cultral Forum
|g 550.00
|l 3
|m 3
|o 954.9205092 HAS
|p 3010023156
|r 2016-01-11
|s 2015-12-15
|t 1
|w 2011-07-13
|y BK
|